[Event "15th Avicenna Open Masters 2018"]
[Site "Avicenna"]
[Date "2018.08.18"]
[Round "2"]
[White "Noroozi, Omid"]
[Black "Mosadeghpour, Masoud"]
[Result "1-0"]
[WhiteElo "2326"]
[BlackElo "2525"]
[Annotator "TA"]
[PlyCount "99"]
[EventDate "2018.08.17"]
[EventType "swiss"]
[EventCountry "IRI"]
[SourceTitle "playchess.com"]
[Source "ChessBase"]
[SourceQuality "1"]

{[%evp 9,99,6,4,1,8,16,16,1,0,0,22,0,0,0,0,-6,20,15,0,0,0,2,0,0,106,117,147,153,166,155,158,133,215,223,225,200,218,238,223,228,296,281,281,297,273,268,345,338,326,340,565,509,720,727,706,610,951,952,951,951,879,875,947,876,1039,1017,863,859,5306,5273,2758,1831,1522,1237,1236,1175,1087,1168,1116,1024,723,532,1176,823,1685,1684,1626,1522,1593,1546,1351,1373]} 1. Nf3 {Tsesarsky,I} d5 2. d4 e6 3. Bf4 Bd6 4. e3 Ne7 (4... Nf6 5. Nbd2 O-O 6. c3 b6 7. Bd3 Bb7 8. a4 c5 9. a5 Qc7 10. Bxd6 Qxd6 11. Ne5 c4 12. Bc2 b5 13. f4 Nbd7 {1-0 (28) Artemiev,V (2692)-Radjabov,T (2742) Tbilisi 2017}) 5. Nbd2 Bxf4 6. exf4 {D02: 1 d4 d5 2 Nf3 sidelines, including 2...Nf6 3 g3 and 2...Nf6 3 Bf4} Qd6 7. g3 $1 b6 $146 ({Predecessor:} 7... c5 8. dxc5 Qxc5 9. c3 Nbc6 10. Bd3 b6 11. O-O Bb7 12. Re1 {1-0 (58) Chuprikov,D (2365)-Karpov,A (2423) Smolensk 2000 CBM 077 [Tsesarsky,I]}) 8. c3 {The position is equal.} O-O 9. Bd3 {Hoping for Bxh7+!} Ba6 10. Bxa6 Nxa6 11. O-O c5 12. Qa4 b5 13. Qxb5 Rfb8 14. Qa4 Rxb2 15. Rab1 Rb6 16. Ne5 Rxb1 (16... Nf5 $11) 17. Rxb1 $16 {[%cal Bf1b1,Bb1b7,Bb7d7][%mdl 32]} f6 {[#]} 18. Rb7 $1 {[%cal Rb7d7]} Rd8 19. Qa5 cxd4 20. cxd4 Kf8 (20... Re8 $16) 21. Nb3 $18 {aiming for Nc5.} ({Resist} 21. Rxa7 $6 Nb8 $16) 21... Rc8 22. Rd7 $40 {[%mdl 128] White attacks with force.} Qb6 {Strongly threatening ...Qxa5.} 23. Qa3 Nb4 {[#]} 24. Nd3 $1 {[%cal Rd3b4][%mdl 512]} Ke8 {[#]} (24... Nxd3 25. Qxe7+) 25. Rxe7+ $1 {[%mdl 512]} Kxe7 26. Nxb4 Kf7 {[#]} 27. f5 $1 Rc4 (27... exf5 28. Nxd5) 28. fxe6+ Qxe6 {White must now prevent ...Qe1+.} 29. Qxa7+ Kg6 $2 (29... Qe7 {is a better defense.} 30. Qxe7+ Kxe7) 30. Nd3 {Threatens to win with Nf4+.White is clearly winning.} Qf5 31. Nf4+ Kh6 32. Qe7 Qb1+ 33. Kg2 Qe4+ 34. Qxe4 dxe4 35. d5 Rc7 36. Nd4 {And now Nf5+ would win.} g6 37. a4 {[%cal Ba2a4,Ba4a5,Ba5a6,Ba6a7][%mdl 32]} Ra7 38. Nc6 Rd7 39. a5 g5 40. a6 gxf4 41. gxf4 {[%mdl 4096] Endgame KR-KN} e3 42. fxe3 Rxd5 43. a7 Rd2+ 44. Kf3 Ra2 45. Ke4 Kg6 46. Kd5 Kf5 47. h3 {[%cal Rc6e7]} Kg6 48. e4 Kh5 49. Kc5 Kh4 50. Kb5 {Precision: White = 87%, Black = 46%.} 1-0

[Event "15th Avicenna Open Masters 2018"]
[Site "Avicenna"]
[Date "2018.08.18"]
[Round "2"]
[White "Ilyasli, Ughur"]
[Black "Mousavi, Seyed Khalil"]
[Result "0-1"]
[WhiteElo "2269"]
[BlackElo "2458"]
[Annotator "TA"]
[PlyCount "98"]
[EventDate "2018.08.17"]
[EventType "swiss"]
[EventCountry "IRI"]
[SourceTitle "playchess.com"]
[Source "ChessBase"]
[SourceQuality "1"]

{[%evp 19,98,31,37,32,35,29,35,35,36,11,74,60,79,49,37,41,81,12,16,1,48,-20,-33,-34,0,-108,-104,-102,-84,-85,-80,-83,-75,-110,-115,-132,-71,-82,-84,-102,-72,-100,-92,-105,-98,-109,-55,-51,-51,-42,-46,-55,-19,-88,-87,-132,-108,-112,-85,-237,-232,-235,-229,-206,-106,-169,-144,-159,-106,-236,-106,-106,-106,-106,-93,-186,-141,-131,-77,-1156,-1141]} 1. d4 d5 2. c4 e6 3. Nc3 a6 4. cxd5 exd5 5. Nf3 Nf6 6. Bg5 {D37: Queen's Gambit Declined: 5 Bf4} Be6 7. e3 Nbd7 8. Bd3 h6 9. Bh4 g5 10. Bg3 Nh5 {LiveBook: 58 Games} 11. Be5 (11. Qb3 Nxg3 12. hxg3 {½-½ (48) Karjakin,S (2773)-Caruana,F (2822) Saint Louis 2018}) 11... Ng7 12. h3 Nxe5 13. Nxe5 Bd6 {[#]} 14. O-O $146 O-O (14... c6 $11) 15. f4 $16 f5 16. Be2 (16. Na4 {keeps more tension.} c6 17. Rc1 Qc7 18. Nc5 Rae8 19. b4) 16... Bxe5 17. dxe5 Qd7 18. Qd2 (18. Rc1 $16) 18... Rad8 $11 19. Rad1 Qe7 20. b4 (20. Bf3 $14) 20... gxf4 21. Rxf4 Bf7 22. g4 (22. Rd4 $11 {remains equal.}) 22... fxg4 23. Rxg4 Qxe5 24. Qd4 Rfe8 25. Kf2 {[#] Rdg1 is the strong threat.} Qxd4 26. exd4 {Black must now prevent Rdg1.} Rf8 {Threatens to win with ...Bh5+.} 27. Ke3 {And now Rdg1 would win.} Kh8 ({Black should try} 27... Rde8+ 28. Kd2 Be6) 28. Rdg1 Nf5+ 29. Kd2 Rg8 (29... Bh5 {looks sharper.} 30. Rf4 Bxe2 31. Nxe2 Nd6 32. Rxf8+ Rxf8 33. Rg6 Kh7) 30. Rxg8+ Rxg8 31. Rxg8+ Kxg8 $17 {[%mdl 4096] Endgame KBN-KBN} 32. Na4 Nd6 (32... Nxd4 $17 33. Nc5 Be6 34. Bxa6 bxa6) 33. Nc5 $15 Kg7 34. Ke3 Kf6 35. Kf4 Be6 36. Bf1 (36. h4 $11) 36... Bc8 $17 37. a4 Nf5 38. Nb3 Ne7 39. b5 $2 (39. h4 $17) 39... axb5 $19 40. axb5 Ng6+ 41. Kg3 h5 (41... b6 $19 42. Na1 Bf5) 42. Nd2 (42. h4 $17) 42... h4+ 43. Kf2 {[#]} Nf4 ({Better is} 43... Ne7 $1 44. Nf3 Nf5) 44. Nf3 (44. Ke3 $17 {only move.} Nxh3 45. Nf3) 44... Nxh3+ (44... Bxh3 $19 45. Bxh3 Nxh3+ 46. Ke3 Ng5 47. Nxh4 Ne4) 45. Ke3 $17 Ng5 {Strongly threatening ...Nxf3.} 46. Nxh4 Nf7 47. Kd3 (47. Bd3 $17) 47... Bg4 48. Bg2 Ke6 (48... Be6 $142 {Hoping for ...b6.} 49. b6 cxb6) 49. Ng6 $2 {[%mdl 8192]} (49. Kc3 $17) 49... Bf5+ {Precision: White = 37%, Black = 53%.} 0-1

[Event "15th Avicenna Open Masters 2018"]
[Site "Avicenna"]
[Date "2018.08.18"]
[Round "2"]
[White "Tsomaia, Nikoloz"]
[Black "Tahbaz, Arash"]
[Result "1-0"]
[WhiteElo "2266"]
[BlackElo "2449"]
[Annotator "RC"]
[PlyCount "101"]
[EventDate "2018.08.17"]
[EventType "swiss"]
[EventCountry "IRI"]
[SourceTitle "playchess.com"]
[Source "ChessBase"]
[SourceQuality "1"]
[TimeControl "5400+30"]

1. e4 {[%emt 0:00:00]} d5 {[%emt 0:02:26]} 2. exd5 {[%emt 0:00:00]} Qxd5 {[%emt 0:00:03]} 3. Nc3 {[%emt 0:00:00]} Qa5 {[%emt 0:00:02]} 4. d4 {[%emt 0:00:17]} Nf6 {[%emt 0:00:03]} 5. Bd3 {[%emt 0:09:41]} Nc6 {[%emt 0:10:53]} 6. Nge2 {[%emt 0:05:54]} Bf5 {[%emt 0:00:36]} 7. Bb5 {[%emt 0:07:59]} O-O-O {[%emt 0:02:26]} 8. Bxc6 {[%emt 0:00:36]} bxc6 {[%emt 0:00:01]} 9. Bd2 {[%emt 0:00:16]} Qa6 {[%emt 0:00:22]} 10. O-O {[%emt 0:01:01]} e6 {[%emt 0:00:06]} 11. Qc1 {[%emt 0:02:33]} h5 {[%emt 0:02:22]} 12. Re1 {[%emt 0:12:18]} h4 {[%emt 0:00:04]} 13. h3 {[%emt 0:00:03]} Be7 {[%emt 0:08:56]} 14. a3 {[%emt 0:10:16]} Nh5 {[%emt 0:04:47]} 15. Nd1 {[%emt 0:03:30]} g5 {[%emt 0:04:38]} 16. Ne3 {[%emt 0:00:28]} Bh7 {[%emt 0:00:55]} 17. Bb4 {[%emt 0:02:07]} c5 {[%emt 0:00:53]} 18. Bxc5 {[%emt 0:07:22]} Bxc5 {[%emt 0:00:05]} 19. dxc5 {[%emt 0:00:02]} f5 {[%emt 0:00:55]} 20. c4 {[%emt 0:07:15]} g4 {[%emt 0:06:59]} 21. hxg4 {[%emt 0:02:51]} fxg4 {[%emt 0:00:03]} 22. Qc3 {[%emt 0:01:11]} h3 {[%emt 0:03:23]} 23. Rad1 {[%emt 0:00:11]} Rdf8 {[%emt 0:10:01]} 24. Qe5 {[%emt 0:02:46]} hxg2 {[%emt 0:00:15]} 25. b4 {[%emt 0:08:50]} Qc6 {[%emt 0:06:25]} 26. Nd4 {[%emt 0:02:45]} Qe4 {[%emt 0:01:15]} 27. Nxg2 {[%emt 0:01:20]} Qxe5 {[%emt 0:12:28]} 28. Rxe5 {[%emt 0:00:02]} Nf4 {[%emt 0:00:01]} 29. Nxf4 {[%emt 0:01:14]} Rxf4 {[%emt 0:00:04]} 30. Nxe6 {[%emt 0:03:35]} Re4 {[%emt 0:01:11]} 31. Re1 {[%emt 0:00:02]} Rxe1+ {[%emt 0:06:23]} 32. Rxe1 {[%emt 0:00:01]} Bd3 {[%emt 0:00:01]} 33. Nd4 {[%emt 0:01:06]} Bxc4 {[%emt 0:00:17]} 34. Nc6 {[%emt 0:00:42]} a6 {[%emt 0:00:30]} 35. Re4 {[%emt 0:00:40]} Ba2 36. Rxg4 Kd7 37. Nd4 {[%emt 0:02:03]} Re8 {[%emt 0:01:35]} 38. Rg7+ {[%emt 0:01:30]} Kd8 {[%emt 0:00:03]} 39. c6 {[%emt 0:01:10]} Re1+ {[%emt 0:00:46]} 40. Kh2 {[%emt 0:00:11]} Kc8 {[%emt 0:00:24]} 41. b5 {[%emt 0:01:23]} Bd5 {[%emt 0:01:21]} 42. Rd7 {[%emt 0:01:07]} Bc4 {[%emt 0:00:01]} 43. b6 {[%emt 0:00:31]} cxb6 {[%emt 0:00:18]} 44. Nf5 {[%emt 0:00:06]} Re6 {[%emt 0:00:59]} 45. Ne7+ {[%emt 0:00:30]} Rxe7 {[%emt 0:00:01]} 46. Rxe7 {[%emt 0:00:05]} a5 {[%emt 0:01:29]} 47. Rb7 {[%emt 0:00:27]} b5 {[%emt 0:00:01]} 48. Kg3 {[%emt 0:00:51]} b4 {[%emt 0:01:38]} 49. axb4 {[%emt 0:00:06]} a4 {[%emt 0:00:03]} 50. b5 {[%emt 0:00:23]} a3 {[%emt 0:00:16]} 51. b6 {[%emt 0:00:15]} 1-0

[Event "15th Avicenna Open Masters 2018"]
[Site "Avicenna"]
[Date "2018.08.18"]
[Round "2"]
[White "Asgharzadeh, M Reza"]
[Black "Asgarizadeh, Ahmad"]
[Result "1/2-1/2"]
[WhiteElo "2257"]
[BlackElo "2416"]
[Annotator "TA"]
[PlyCount "114"]
[EventDate "2018.08.17"]
[EventType "swiss"]
[EventCountry "IRI"]
[SourceTitle "playchess.com"]
[Source "ChessBase"]
[SourceQuality "1"]

{[%evp 24,114,16,15,33,18,16,12,10,8,14,-6,-8,-20,-16,-21,8,-6,0,-5,-6,-24,-18,-34,4,-27,-24,-29,-16,-15,-16,-24,-24,-24,-19,-11,0,0,27,42,44,48,42,11,12,0,0,0,51,0,0,-2,-6,-5,-4,-4,0,-13,-13,-23,0,0,0,0,0,0,0,0,0,0,0,0,7,0,0,0,0,0,70,70,70,70,70,70,70,70,70,70,70,70,70,70,69]} 1. d4 d5 2. c4 e6 3. Nc3 Bb4 4. Nf3 Nf6 5. Qa4+ Nc6 6. Bg5 h6 7. Bxf6 Qxf6 8. e3 O-O {D38: Queen's Gambit Declined: Ragozin Defence (4 Nf3 Bb4)} 9. Rc1 Qg6 10. Qc2 Qxc2 11. Rxc2 Rd8 12. a3 Bf8 13. Nb5 {LiveBook: 10 Games} Rd7 14. cxd5 exd5 15. Bd3 a6 16. Nc3 {[%cal Bb5c3,Bc3a4,Ba4c5][%mdl 32] [#]} Rd8 $146 17. Na4 Bd6 18. Ke2 g5 19. h3 Re8 20. b4 f5 21. Kd2 f4 22. Nc5 fxe3+ 23. fxe3 Ne7 24. e4 {White wants to play e5.} Bf4+ 25. Kc3 b6 26. Nb3 dxe4 27. Bxe4 Rb8 28. Re1 {Threatening Bc6!} Bg3 29. Ree2 Be6 30. Ne5 c5 31. bxc5 Bxb3 32. Kxb3 bxc5+ 33. Ka4 Red8 34. Rxc5 Rxd4+ 35. Ka5 Bf4 ({Better is} 35... Kf8 $11) 36. Nf3 (36. Nc4 $14) 36... Rd7 37. Kxa6 Nc8 {[%csl Gc8][%cal Rd7a7] [#]} 38. Bb7 $1 $132 {[%mdl 2560] White is not keeping still} Rbxb7 39. Rxc8+ Kg7 40. Rc6 Rb3 41. Ree6 Rxa3+ (41... Rd8 {looks sharper.} 42. Rb6 Ra8+ 43. Kb7 Rb8+ 44. Ka6 Rxa3+ 45. Kb5 Rb3+) 42. Kb5 Rb7+ 43. Kc4 Ra4+ 44. Kc3 Ra3+ 45. Kc4 Ra4+ 46. Kd3 Rd7+ 47. Kc3 Ra2 48. Rg6+ Kf8 49. Rgf6+ Ke7 50. Rxh6 {[#] Hoping for Nd4.} Rxg2 (50... Kf8 $11) 51. Nd4 $14 {Nf5+ would kill now.White is slightly better.} Rc7 $1 52. Rh7+ Ke8 53. Rcxc7 Bxc7 54. Rxc7 {Strongly threatening Rh7.} Rg3+ 55. Kc4 {Rh7 is the strong threat.} Rxh3 56. Kd5 Rd3 57. Ke4 Rd1 {Precision: White = 51%, Black = 62%.} 1/2-1/2

[Event "15th Avicenna Open Masters 2018"]
[Site "Avicenna"]
[Date "2018.08.18"]
[Round "2"]
[White "Tahmasebi, Hamid"]
[Black "Molaei, Mohammadamin"]
[Result "0-1"]
[WhiteElo "2231"]
[BlackElo "2377"]
[Annotator "TA"]
[PlyCount "91"]
[EventDate "2018.08.17"]
[EventType "swiss"]
[EventCountry "IRI"]
[SourceTitle "playchess.com"]
[Source "ChessBase"]
[SourceQuality "1"]

{[%evp 21,91,36,44,34,35,35,31,0,40,0,58,14,8,15,34,34,32,34,38,33,50,31,37,39,99,41,87,0,0,0,0,-30,-6,-59,-72,-82,-67,-123,-112,-152,-146,-263,-263,-772,-757,-739,-734,-2086,-262,-260,-260,-252,-248,-271,-268,-299,-291,-731,-254,-724,-706,-1052,-1042,-5683,-5678,-5214,-4589,-5724,-5704,-5170,-5170,-2269]} 1. e4 c5 2. Nf3 Nc6 3. d4 cxd4 4. Nxd4 g6 5. c4 Nf6 6. Nc3 d6 7. Be2 Nxd4 8. Qxd4 Bg7 9. Qd3 {B36: Sizilianisch (Maroczy-Aufbau)} (9. Be3 O-O 10. Qd2 a5 11. O-O a4 12. Bd4 Be6 13. f4 Qa5 14. Rad1 Rac8 15. b3 axb3 16. axb3 b5 17. Bxf6 Bxf6 18. Nxb5 Qxd2 19. Rxd2 Ra8 20. Nc7 Ra3 21. Nxe6 fxe6 {1-0 (58) Yu,Y (2759)-Bu,X (2718) Hangzhou 2018}) 9... O-O 10. O-O a5 11. Be3 a4 {LiveBook: 4 Partien} 12. Rac1 Qa5 13. Bd2 $146 ({Vorgänger:} 13. Bd4 Be6 14. Nd5 Bxd5 15. cxd5 Nd7 16. Bxg7 Kxg7 17. Qd4+ Kg8 {0-1 (40) Lagerman,R (2368)-Leon Hoyos,M (2542) Reykjavik 2009}) 13... Qb6 14. Be3 Qa5 15. Bd2 Be6 (15... Qb6 $11) 16. b4 axb3 $1 17. axb3 Nd7 18. Nd5 Qd8 19. b4 Ra2 20. Rfd1 Ne5 {[%cal Bd7e5,Be5c6,Bc6b4,Bb4c2][%mdl 32]} 21. Qg3 Nc6 22. Bf1 Qa8 (22... Rb2 $14) 23. Qh4 (23. Bg5 $16) 23... Qa3 {...Txd2! ist eine echte Drohung.} 24. Be3 ({Günstiger ist} 24. Bg5 $16) 24... Bxd5 $1 $11 25. cxd5 Bf6 $36 {[%mdl 2048] Schwarz drückt.} 26. Qh3 Nxb4 27. Rc8 (27. Qd7 $11) 27... Rxc8 $15 28. Qxc8+ Kg7 29. Qh3 (29. Rb1 $15) 29... h5 $17 30. Rc1 Qb2 $1 ({Nicht} 30... Nc2 $2 31. Rxc2 $1 {[%mdl 512]} Ra1 32. Rc1 $18) 31. g4 {[#]} (31. Rd1 $17 {kämpft weiter.}) 31... Nc2 $1 $19 {[%cal Rc2e3]} 32. gxh5 $2 (32. Bd2 Qd4 33. Qd3 Qxd3 34. Bxd3) 32... Nxe3 33. Qxe3 Bd4 ({Schwächer ist} 33... Bg5 34. Qc3+ Kh6 35. Rc2 $17) 34. Qf4 Qxf2+ $2 (34... Bxf2+ 35. Kh1 {[#]} Be3 $1 {[%mdl 512]} 36. h6+ Kh7 37. Qxf7+ Kxh6 38. Qf8+ Kg5 39. Qxe7+ Kh5 40. Qxd6 Qxc1 41. Qe5+ Bg5 42. Qh8+ Kg4 43. Qh3+ Kf4) 35. Qxf2 Rxf2 {[%mdl 4096] Endspiel KTL-KTL} ({Jedoch nicht} 35... Bxf2+ 36. Kh1 $19) 36. Kh1 gxh5 37. Bd3 Rd2 38. Bf1 Be5 39. Rc7 $2 (39. h3) 39... Rxh2+ 40. Kg1 Rb2 {Schwarz steht klar auf Gewinn.} 41. Rxe7 b5 {[%cal Bb7b5,Bb5b4,Bb4b3,Bb3b2][%mdl 32]} 42. Rb7 b4 43. Bb5 b3 44. Bc4 Rb1+ 45. Kf2 b2 46. Bd3 {Precision: Weiß = 25%, Schwarz = 74%.} 0-1

[Event "15th Avicenna Open Masters 2018"]
[Site "Avicenna"]
[Date "2018.08.18"]
[Round "3"]
[White "Mousavi, Seyed Khalil"]
[Black "Daghli, Arash"]
[Result "0-1"]
[WhiteElo "2458"]
[BlackElo "2362"]
[Annotator "TA"]
[PlyCount "62"]
[EventDate "2018.08.17"]
[EventType "swiss"]
[EventCountry "IRI"]
[SourceTitle "playchess.com"]
[Source "ChessBase"]
[SourceQuality "1"]

{[%evp 14,62,0,-22,-24,-29,-16,-14,-7,-13,-16,-122,-135,-154,-154,-265,-272,-318,-317,-313,-315,-649,-641,-645,-618,-768,-780,-770,-548,-610,-610,-524,-396,-383,-365,-368,-370,-658,-613,-514,-281,-274,-269,-281,-278,-269,-267,-386,-384,-386,-386]} 1. d4 Nf6 2. Bf4 g6 3. Nc3 d5 4. e3 Bg7 5. h4 h5 6. Nf3 {A45: Damenbauernspiele (Trompowski-Angriff)} O-O (6... Bg4 7. Be2 Bxf3 8. Bxf3 c6 9. Qd2 Nbd7 10. O-O-O b5 11. Kb1 {½-½ (34) Aronian,L (2797)-Vachier Lagrave,M (2793) Caleta 2018}) 7. Be2 c5 8. Ne5 {LiveBook: 4 Partien. Die Stellung ist ausgeglichen.} Nc6 9. Qd2 Qa5 10. dxc5 $146 ({Vorgänger:} 10. f3 Bf5 11. g4 hxg4 12. fxg4 Nxe5 13. gxf5 Nc4 14. Bxc4 dxc4 15. fxg6 fxg6 {1-0 (46) Pribyl,J (2313)-Naslund,M (2137) Liberec 2013}) 10... Qxc5 11. O-O-O Ne4 12. Nxe4 (12. Qxd5 $11 {war der einzige Weg, das Gleichgewicht zu behalten.} Qxd5 13. Rxd5 Nxf2 14. Re1) 12... dxe4 $17 13. Qd5 {[#]} Qb6 $1 {Und weiter mit ...Le6 wäre nett.} ({Doch nicht} 13... Qxd5 $6 14. Rxd5 Nxe5 15. Bxe5 $11) 14. Nc4 (14. c3 $17 {war erzwungen.} Be6 15. Nd7 (15. Qxe4 $2 f5 $19) 15... Bxd5 16. Nxb6 axb6 17. Rxd5 Rxa2 18. Rhd1) 14... Qa6 $19 {Weiss muss nun ...Le6 beachten.} 15. a3 Be6 16. Qxe4 Rac8 17. Rhe1 $2 (17. c3) 17... b5 18. Nd6 exd6 19. Rxd6 Bf5 20. Qd5 Qa4 {[%csl Gf5][%cal Ra4c2]} 21. Rxc6 Rxc6 22. Qxc6 Rc8 23. Bc7 {[#]} Be5 $1 {[%cal Bg7e5,Be5c7,Bc7a5][%mdl 544]} 24. Bxb5 (24. Bxe5 Rxc6) 24... Qxh4 25. e4 $2 (25. g3 Qe7 26. c3) 25... Bxc7 26. Kb1 Ba5 27. Qa6 Bxe1 28. exf5 Rc7 29. fxg6 Qe4 30. Bd3 (30. gxf7+ $142 Kxf7 31. Ba4) 30... Qc6 31. gxf7+ Kxf7 {Precision: Weiß = 48%, Schwarz = 83%.} 0-1

[Event "15th Avicenna Open Masters 2018"]
[Site "Avicenna"]
[Date "2018.08.18"]
[Round "3"]
[White "Asgarizadeh, Ahmad"]
[Black "Mahdian, Anousha"]
[Result "1-0"]
[WhiteElo "2416"]
[BlackElo "2003"]
[Annotator "TA"]
[PlyCount "81"]
[EventDate "2018.08.17"]
[EventType "swiss"]
[EventCountry "IRI"]
[SourceTitle "playchess.com"]
[Source "ChessBase"]
[SourceQuality "1"]

{[%evp 18,81,35,38,71,47,76,48,38,-10,0,6,-8,-39,16,11,45,0,65,54,125,131,194,115,119,146,195,184,178,164,167,193,478,446,685,688,681,682,677,675,650,667,660,550,645,652,650,644,626,491,618,512,2211,2216,1663,1550,2125,2071,1941,1994,1754,1655,1729,1707,29983,29984]} 1. e4 c6 2. d4 d5 3. e5 Bf5 4. Nf3 e6 5. Be2 Nd7 6. O-O h6 7. c3 Ne7 8. Nbd2 {[%cal Bb1d2,Bd2f1,Bf1g3][%mdl 32] B12: Caro-Kann: Advance Variation} g5 (8... c5 9. dxc5 Nxc5 10. Nd4 Nd7 11. Nxf5 Nxf5 12. Bd3 Ne7 13. Nf3 Nc6 14. Re1 Qc7 15. Qe2 g5 {0-1 (50) Karjakin,S (2773)-Mamedyarov,S (2801) Saint Louis 2018}) 9. Re1 Bg7 10. Nf1 {LiveBook: 7 Games. White is slightly better.} Qc7 11. b4 $146 ({Predecessor:} 11. Ng3 Bg6 12. Bd3 c5 13. b3 Rc8 14. Be3 O-O {1-0 (31) Bok,B (2598)-Harutjunyan,G (2472) Minsk 2017}) 11... a5 12. Ng3 Bg6 13. h4 g4 14. Nh2 {White wants to play h5.} h5 15. Bg5 Nf5 (15... axb4 $15 16. cxb4 Ra3) 16. Nxf5 $11 exf5 17. Bd3 Nf8 ({Black should try} 17... axb4 $11 18. c4 dxc4 19. Bxc4 O-O) 18. bxa5 Rxa5 (18... Qxa5 $14 19. Qb1 Ne6) 19. Qb1 $16 Qd7 (19... Ra3 $16) 20. Qb4 (20. Nf1 $18) 20... Ra8 21. c4 dxc4 22. Bxc4 {d5! is the strong threat.} b5 23. Bb3 $40 {[%mdl 128] aiming for a4. White has strong attack.} Ne6 24. Bf6 Bxf6 $2 (24... c5 25. dxc5 O-O) 25. exf6 $18 Rc8 (25... Rd8 $142 26. d5 Qd6 27. Qxd6 Rxd6 28. dxe6 fxe6 29. Bxe6 Rf8) 26. Bxe6 fxe6 {[#]} 27. Rxe6+ $1 {[%mdl 512]} Qxe6 28. Re1 Kf7 29. Rxe6 Kxe6 30. Qe7+ Kd5 31. f7 Bxf7 32. Qxf7+ Kxd4 33. Qf6+ Kc4 34. Nf1 c5 (34... Kc5 $142 35. a4 Rhf8 36. Qc3+ Kb6) 35. Ne3+ Kb4 36. Nd5+ Kc4 37. Nb6+ Kb4 38. Nxc8 Rxc8 39. Qxf5 Rd8 {[#]} 40. a3+ $1 Kc4 (40... Kxa3 41. Qxc5+) 41. Qc2+ {Precision: White = 70%, Black = 29%.} 1-0

[Event "15th Avicenna Open Masters 2018"]
[Site "Avicenna"]
[Date "2018.08.18"]
[Round "3"]
[White "Molaei, Mohammadamin"]
[Black "Khoshkalam, Seyed Mehrab"]
[Result "1/2-1/2"]
[WhiteElo "2377"]
[BlackElo "2182"]
[Annotator "NA"]
[PlyCount "111"]
[EventDate "2018.08.17"]
[EventType "swiss"]
[EventCountry "IRI"]
[SourceTitle "playchess.com"]
[Source "ChessBase"]
[SourceQuality "1"]
[TimeControl "5400+30"]

1. d4 {[%emt 0:00:00]} Nf6 {[%emt 0:10:26]} 2. c4 {[%emt 0:00:00]} e6 {[%emt 0:00:18]} 3. Nf3 {[%emt 0:00:00]} b6 {[%emt 0:00:08]} 4. g3 {[%emt 0:00:08]} Ba6 {[%emt 0:00:12]} 5. b3 {[%emt 0:00:15]} Bb4+ {[%emt 0:00:07]} 6. Bd2 {[%emt 0:00:01]} Be7 {[%emt 0:00:12]} 7. Nc3 {[%emt 0:00:31]} c6 {[%emt 0:00:44]} 8. Bg2 {[%emt 0:01:37]} d5 {[%emt 0:00:30]} 9. cxd5 {[%emt 0:03:03]} cxd5 {[%emt 0:00:25]} 10. b4 {[%emt 0:00:29]} Nbd7 {[%emt 0:02:37]} 11. b5 {[%emt 0:00:07]} Bb7 {[%emt 0:00:06]} 12. O-O {[%emt 0:00:40]} O-O {[%emt 0:00:40]} 13. Qb3 {[%emt 0:00:25]} Ne4 {[%emt 0:05:15]} 14. Rfc1 {[%emt 0:01:26]} Nd6 {[%emt 0:02:13]} 15. Nd1 {[%emt 0:00:58]} a5 {[%emt 0:02:53]} 16. Nb2 {[%emt 0:03:17]} Ne4 {[%emt 0:08:59]} 17. Bf4 {[%emt 0:00:21]} Bd6 {[%emt 0:00:09]} 18. Bxd6 {[%emt 0:08:47]} Nxd6 {[%emt 0:00:18]} 19. Rc2 {[%emt 0:00:11]} Rc8 {[%emt 0:01:39]} 20. Rac1 {[%emt 0:00:15]} Rxc2 {[%emt 0:02:17]} 21. Rxc2 {[%emt 0:00:30]} Qb8 {[%emt 0:00:15]} 22. Nd3 {[%emt 0:06:28]} Rc8 {[%emt 0:03:32]} 23. a4 {[%emt 0:15:50]} Rxc2 {[%emt 0:00:54]} 24. Qxc2 {[%emt 0:00:06]} Qc8 {[%emt 0:00:16]} 25. Qxc8+ {[%emt 0:00:55]} Bxc8 {[%emt 0:00:17]} 26. Nd2 {[%emt 0:02:07]} Kf8 {[%emt 0:01:29]} 27. Kf1 {[%emt 0:00:38]} Ke7 {[%emt 0:00:14]} 28. e3 {[%emt 0:00:31]} f6 {[%emt 0:00:23]} 29. Ke2 {[%emt 0:00:14]} Nf8 {[%emt 0:00:49]} 30. h4 {[%emt 0:00:31]} h6 {[%emt 0:01:33]} 31. h5 {[%emt 0:01:35]} Bb7 {[%emt 0:01:51]} 32. Nf4 {[%emt 0:01:12]} Kf7 {[%emt 0:00:39]} 33. Kd3 {[%emt 0:00:44]} f5 {[%emt 0:02:00]} 34. f3 {[%emt 0:03:03]} g5 {[%emt 0:00:47]} 35. hxg6+ {[%emt 0:00:21]} Nxg6 {[%emt 0:00:06]} 36. Nxg6 {[%emt 0:02:16]} Kxg6 {[%emt 0:00:02]} 37. e4 {[%emt 0:06:58]} Kg5 {[%emt 0:04:06]} 38. exf5 {[%emt 0:05:27]} Nxf5 {[%emt 0:02:06]} 39. Nf1 {[%emt 0:00:09]} Bc8 {[%emt 0:02:31]} 40. Bh3 {[%emt 0:00:46]} Nxg3 {[%emt 0:03:25]} 41. Nxg3 {[%emt 0:01:26]} Kh4 {[%emt 0:00:10]} 42. Bxe6 {[%emt 0:02:10]} Bxe6 {[%emt 0:00:09]} 43. Ne2 {[%emt 0:00:06]} Kg5 {[%emt 0:01:19]} 44. Ke3 {[%emt 0:00:16]} h5 {[%emt 0:01:06]} 45. Nf4 {[%emt 0:00:37]} Bf7 {[%emt 0:00:06]} 46. Nd3 {[%emt 0:00:47]} h4 {[%emt 0:00:45]} 47. Nc5 {[%emt 0:04:12]} h3 {[%emt 0:07:12]} 48. Kf2 {[%emt 0:00:04]} Kf4 {[%emt 0:02:11]} 49. Nd3+ {[%emt 0:02:20]} Kg5 {[%emt 0:01:13]} 50. Kg3 {[%emt 0:01:24]} Bg6 {[%emt 0:00:31]} 51. Nc5 {[%emt 0:02:00]} Bf5 {[%emt 0:00:53]} 52. Na6 {[%emt 0:00:37]} Bc2 {[%emt 0:00:59]} 53. Nc7 {[%emt 0:09:35]} Bxa4 {[%emt 0:00:26]} 54. Nxd5 {[%emt 0:00:02]} Bxb5 {[%emt 0:00:10]} 55. Nxb6 {[%emt 0:00:02]} a4 {[%emt 0:00:11]} 56. Nxa4 {[%emt 0:00:14]} 1/2-1/2